Statistics for Most Populated Counties In Indiana

Click here to take the quiz!

General Stats

  • This quiz has been taken 47 times
  • The average score is 7 of 10

Answer Stats

Population County % Correct
496,004Lake
90%
928,281Marion
90%
266,931St. Joseph
74%
355,329Allen
71%
296,693Hamilton
68%
166,557Porter
68%
172,780Tippecanoe
58%
153,879Hendricks
52%
188,922Vanderburgh
48%
182,791Elkhart
45%

Score Distribution

Percentile by Number Answered

Percent of People with Each Score

Your Score History

You have not taken this quiz